OL 2025-2026 effectif - Statistiques

Statistiques générales
  • Ce quiz a été pris 44 fois
  • Le résultat moyen est 24 sur 36
Statistiques - réponses
Hint Réponse % Correct
Milieu Corentin Tolisso
97%
Attaquant Endrick
94%
Attaquant Malick Fofana
94%
Défenseur Moussa Niakhaté
94%
Attaquant Pavel Sulc
94%
Défenseur Clinton Mata
91%
Milieu Tanner Tessmann
91%
Défenseur Ainsley Maitland-Niles
88%
Gardien Dominik Greif
88%
Défenseur Nicolas Tagliafico
88%
Milieu Tyler Morton
85%
Gardien Remy Descamps
82%
Attaquant Afonso Moreira
79%
Milieu Khalis Merah
79%
Coach Paulo Fonseca
79%
Défenseur Ruben Kluivert
76%
Défenseur Vinicius Abner
76%
Milieu Orel Mangala
74%
Attaquant Adam Karabec
71%
Attaquant Roman Yaremchuk
71%
Attaquant Remi Himbert
68%
Milieu Noah Nartey
65%
Milieu Mathys de Carvalho
62%
Attaquant Rachid Ghezzal
62%
Défenseur Hans Hateboer
56%
Défenseur Noham Kamara
56%
Défenseur Steeve Kango
56%
Attaquant Alejandro Gomes Rodriguez
47%
Attaquant Adil Hamdani
44%
Attaquant Enzo Molebe
44%
Attaquant Martin Satriano
38%
Coach Jorge Maciel
35%
Attaquant Georges Mikautadze
26%
Milieu Tiago Goncalves
26%
Défenseur Teo Barisic
24%
Défenseur Saël Kumbedi
18%
Aucun quiz correspondant
Distribution des résultats
% des personnes avec chaque résultat
Percentile par nombre de réponses
Votre historique - résultats
Vous n’avez pas pris ce quiz